[Event "45th Capablanca Mem Open"]
[Site "Havana CUB"]
[Date "2010.06.17"]
[Round "7"]
[White "Galego,L"]
[Black "Aguero Jimenez,L"]
[Result "1-0"]
[WhiteElo "2488"]
[BlackElo "2409"]
[EventDate "2010.06.10"]

1. e4 c5 2. Nf3 Nc6 3. Nc3 e5 4. g3 g6 5. Bg2 Bg7 6. d3 Nge7 7. O-O O-O 8.
Nd2 d6 9. Nc4 Be6 10. Nd5 Qd7 11. a4 f5 12. f4 Kh8 13. c3 Bg8 14. a5 Rae8
15. Qa4 Rd8 16. Nxe7 Qxe7 17. exf5 gxf5 18. a6 e4 19. axb7 Qxb7 20. dxe4
fxe4 21. Bxe4 d5 22. Bg2 Qc8 23. Be3 Nd4 24. Ne5 Ne2+ 25. Kh1 d4 26. cxd4
cxd4 27. Bd2 Bd5 28. Rf2 Nxg3+ 29. hxg3 Bxe5 30. Kg1 Bxg2 31. Rxg2 Bg7 32.
Qxa7 d3 33. Bc3 Bxc3 34. bxc3 d2 35. Rd1 Qxc3 36. Qf2 Qc1 37. Qf1 Qc2 38.
Qe2 Rfe8 39. Rxd2 Qb1+ 40. Kh2 Rxe2 41. Rxd8+ Kg7 42. Rxe2 Qf1 43. Rc2 Kf6
44. Rd5 Qf3 45. Ra5 Qe4 46. Rd2 Qc6 47. Re5 Kg6 48. Red5 Qc7 49. Kh3 Qc1
50. Rd1 Qc4 51. Rd6+ Kg7 52. Rd7+ Kg8 53. Re1 Kf8 54. Rxh7 1-0

[Event "45th Capablanca Mem Open"]
[Site "Havana CUB"]
[Date "2010.06.17"]
[Round "7"]
[White "Abreu Delgado,A"]
[Black "Gomez Fontal,F"]
[Result "1/2-1/2"]
[WhiteElo "2482"]
[BlackElo "2376"]
[EventDate "2010.06.10"]

1. e4 e5 2. Nf3 Nc6 3. Bb5 a6 4. Ba4 Nf6 5. O-O Nxe4 6. d4 b5 7. Bb3 d5 8.
dxe5 Be6 9. Be3 Be7 10. Nbd2 Nc5 11. c3 Nd3 12. Rb1 Ndxe5 13. Nxe5 Nxe5 14.
Bd4 Nc6 15. Bxg7 Rg8 16. Bh6 Bh3 17. g3 Qd6 18. Be3 Bxf1 19. Qxf1 h5 20. a4
b4 21. Rd1 Qe6 22. Re1 Qf5 23. Qe2 Rg6 24. Nf3 Re6 25. Nd4 Nxd4 26. cxd4
Rd8 27. Bc2 Qh3 28. Bd3 h4 29. Qh5 Rf6 30. Bg5 Re6 31. Be3 Rf6 32. Bg5 Re6
33. Be3 Rf6 1/2-1/2

[Event "45th Capablanca Mem Open"]
[Site "Havana CUB"]
[Date "2010.06.17"]
[Round "7"]
[White "Fernando,D"]
[Black "Guerra Mojena,L"]
[Result "1/2-1/2"]
[WhiteElo "2494"]
[BlackElo "2254"]
[EventDate "2010.06.10"]

1. e4 c5 2. Nc3 Nc6 3. Nf3 e6 4. g3 g6 5. d4 cxd4 6. Nxd4 a6 7. Be3 Bg7 8.
Bg2 Nge7 9. O-O O-O 10. Nxc6 bxc6 11. Qd6 f5 12. e5 Rf7 13. Rad1 Nd5 14.
Nxd5 cxd5 15. Rxd5 Bb7 16. Bb6 Qb8 17. Bc7 Qc8 18. Rd2 Bxg2 19. Kxg2 Qb7+
20. f3 Rc8 21. Ba5 Qxb2 22. Qxa6 Rxc2 23. Rxc2 Qxc2+ 24. Rf2 Qc5 25. f4 d6
26. Rd2 Ra7 27. Qxd6 Qxd6 28. exd6 Rxa5 29. d7 Bf6 30. d8=Q+ Bxd8 31. Rxd8+
Kf7 32. Rd7+ Kf6 33. Rxh7 1/2-1/2

[Event "45th Capablanca Mem Open"]
[Site "Havana CUB"]
[Date "2010.06.17"]
[Round "7"]
[White "Cabrera Trujillo,J"]
[Black "Hevia Alejano,C"]
[Result "0-1"]
[WhiteElo "2361"]
[BlackElo "2507"]
[EventDate "2010.06.10"]

1. e4 c5 2. Nf3 d6 3. d4 cxd4 4. Nxd4 Nf6 5. Nc3 a6 6. Bg5 e6 7. f4 h6 8.
Bh4 Be7 9. Qf3 Nbd7 10. O-O-O Qc7 11. g4 g5 12. e5 dxe5 13. fxg5 hxg5 14.
Bg3 Qb6 15. Nb3 Qc6 16. Qe2 Qxh1 17. Bg2 Qxd1+ 18. Qxd1 Ra7 19. Na5 b5 20.
Nc6 Bb7 21. Nxa7 Bxg2 22. Qe2 Bb7 23. Bxe5 Rh4 24. Bg3 Rxg4 25. Naxb5 axb5
26. Qxb5 Bf3 27. a4 Bc5 28. a5 Rb4 29. Qd3 g4 30. a6 Rd4 31. Qb5 Nd5 32.
Qc6 N5b6 33. Qb5 Nd5 34. Qc6 Nxc3 35. Qc8+ Ke7 36. bxc3 Rc4 37. Bc7 Be3+
38. Kb2 Rxc7 39. Qxc7 Bb6 40. Qf4 Be2 41. c4 e5 42. Qg5+ f6 43. Qg7+ Kd6
44. Qg8 Kc7 45. Kc3 Bf3 46. c5 Bxc5 47. Qa2 Ba7 48. Qc4+ Kd6 49. Qd3+ Bd5
50. Kd2 e4 51. Qg3+ Ne5 52. Qa3+ Bc5 53. Qa4 e3+ 54. Kd1 Bc4 55. Qa5 e2+
56. Kc1 Nf3 57. Qd8+ Ke5 58. Qc7+ Ke4 59. Qc6+ Kd4 60. Qxf6+ Ke3 0-1

[Event "45th Capablanca Mem Open"]
[Site "Havana CUB"]
[Date "2010.06.17"]
[Round "7"]
[White "Guerra Tulcan,L"]
[Black "Gongora Reyes,M"]
[Result "0-1"]
[WhiteElo "2354"]
[BlackElo "2471"]
[EventDate "2010.06.10"]

1. e4 c5 2. Nf3 Nc6 3. d4 cxd4 4. Nxd4 Nf6 5. Nc3 d6 6. Bg5 e6 7. Qd2 Be7
8. Be3 a6 9. f3 O-O 10. O-O-O Nxd4 11. Qxd4 b5 12. g4 Bb7 13. Kb1 Nd7 14.
Be2 Qa5 15. a3 Rfc8 16. g5 Ne5 17. h4 Nc6 18. Qb6 Qxb6 19. Bxb6 Ne5 20. Bf2
Rd8 21. Bg3 Bc6 22. Rd4 h6 23. gxh6 gxh6 24. Rhd1 Kh7 25. f4 Ng6 26. h5
Nxf4 27. Bxf4 e5 28. Rd5 exf4 29. Rf5 Kg7 30. Rxf4 Bg5 31. Rf2 Ra7 32. Bg4
a5 33. Nd5 b4 34. Rf3 Rb8 35. Ka2 Rab7 36. b3 Rb5 37. c4 Rc5 38. a4 Re8 39.
Bf5 Bxd5 40. Rxd5 Rxd5 41. cxd5 Re7 42. Rf2 Rc7 43. e5 dxe5 44. Rc2 Rxc2+
45. Bxc2 Be7 46. Kb2 Kf6 47. Bh7 Kg5 48. Kc2 Kf4 49. Kd3 f5 50. Ke2 e4 0-1

[Event "45th Capablanca Mem Open"]
[Site "Havana CUB"]
[Date "2010.06.17"]
[Round "7"]
[White "Llorente Pupo, Ramon"]
[Black "Ris,R"]
[Result "0-1"]
[WhiteElo "2338"]
[BlackElo "2426"]
[EventDate "2010.06.10"]

1. e4 e5 2. Nf3 Nc6 3. Bb5 Bc5 4. O-O Nd4 5. Nxd4 Bxd4 6. c3 Bb6 7. d4 c6
8. Ba4 d6 9. Na3 exd4 10. cxd4 Ne7 11. d5 O-O 12. dxc6 bxc6 13. Bg5 f6 14.
Bf4 d5 15. exd5 cxd5 16. Nb5 Bd7 17. Re1 a6 18. Nd4 Ng6 19. Be3 Ne5 20. Bb3
Nc4 21. Qf3 Nxe3 22. fxe3 Kh8 23. Qxd5 Rc8 24. Rad1 Bg4 25. Rd3 Qe8 26. h3
Qg6 27. Rc3 Bxh3 28. Nc6 Qg3 29. Rf1 Bxe3+ 30. Kh1 Bf4 0-1

[Event "45th Capablanca Mem Open"]
[Site "Havana CUB"]
[Date "2010.06.17"]
[Round "7"]
[White "Sanchez Alvarez,R"]
[Black "Borges Feria,Y"]
[Result "1/2-1/2"]
[WhiteElo "2330"]
[BlackElo "2426"]
[EventDate "2010.06.10"]

1. c4 e5 2. Nc3 Nf6 3. Nf3 Nc6 4. d4 exd4 5. Nxd4 Bc5 6. Nb3 Be7 7. Bg5 d6
8. e3 O-O 9. Be2 h6 10. Bh4 Nh7 11. Bxe7 Nxe7 12. O-O Be6 13. Nd4 Qd7 14.
Nxe6 Qxe6 15. Nd5 Qd7 16. Nxe7+ Qxe7 17. Bf3 c6 18. Qc2 Ng5 19. Bg4 Rad8
20. Rad1 Ne4 21. Bf5 Nf6 22. Rd4 d5 23. cxd5 Rxd5 24. Rfd1 Rfd8 25. Rxd5
Rxd5 26. Rxd5 Nxd5 1/2-1/2

[Event "45th Capablanca Mem Open"]
[Site "Havana CUB"]
[Date "2010.06.17"]
[Round "7"]
[White "Olivares Canelles,Francisco"]
[Black "Quesada Perez,Y"]
[Result "1/2-1/2"]
[WhiteElo "2328"]
[BlackElo "2582"]
[EventDate "2010.06.10"]

1. d4 Nf6 2. c4 c5 3. d5 e5 4. Nc3 d6 5. e4 Be7 6. f3 O-O 7. Be3 Ne8 8. Qd2
f5 9. exf5 Bxf5 10. Bd3 Bh4+ 11. g3 Bxd3 12. Qxd3 Bg5 13. Bxg5 Qxg5 14.
Nge2 Nd7 15. Ne4 Qe7 16. N2c3 h6 17. a4 Nef6 18. a5 Nxe4 19. Nxe4 Nf6 20.
O-O Nxe4 21. fxe4 Qg5 22. h4 Qg4 23. Kg2 Rae8 24. Rxf8+ Rxf8 25. Rf1 Rxf1
26. Kxf1 g5 27. hxg5 Qxg5 28. Ke2 Kg7 29. Qf3 h5 30. Kd1 Kg6 31. Kc2 Qf6
32. Qe2 Qd8 33. Qf3 Qd7 34. Kb3 Qf7 35. Qxf7+ Kxf7 36. a6 b6 37. Ka4 Ke7
38. Kb5 Kd7 39. Ka4 Ke7 1/2-1/2

[Event "45th Capablanca Mem Open"]
[Site "Havana CUB"]
[Date "2010.06.17"]
[Round "7"]
[White "Morales Romero,P"]
[Black "Cueto Rodriguez,Y"]
[Result "1-0"]
[WhiteElo "2420"]
[BlackElo "2134"]
[EventDate "2010.06.10"]

1. e4 e5 2. Nf3 Nc6 3. Bb5 a6 4. Ba4 Nf6 5. O-O b5 6. Bb3 Be7 7. Re1 d6 8.
c3 O-O 9. d4 Bg4 10. d5 Na5 11. Bc2 c6 12. h3 Bh5 13. dxc6 Nxc6 14. Bg5 Qc7
15. Bxf6 Bxf6 16. Nbd2 Rac8 17. Bb3 Nd8 18. Nf1 Ne6 19. Ne3 Nf4 20. Kh2 Qc5
21. g3 Ne6 22. Qe2 Bd8 23. Nd5 Kh8 24. a4 f5 25. exf5 e4 26. fxe6 Rxf3 27.
Rf1 Bb6 28. axb5 Rcf8 29. e7 Rxf2+ 30. Kh1 R8f3 31. Rxf2 Qxf2 32. Qxf2 Bxf2
33. Rxa6 h6 34. Ra8+ Kh7 35. Nf4 Rxf4 36. Bg8+ 1-0

[Event "45th Capablanca Mem Open"]
[Site "Havana CUB"]
[Date "2010.06.17"]
[Round "7"]
[White "Fuentes Dominguez,F"]
[Black "Alonso Moyano,J"]
[Result "1/2-1/2"]
[WhiteElo "2253"]
[BlackElo "2399"]
[EventDate "2010.06.10"]

1. d4 f5 2. Nc3 d5 3. Nf3 Nf6 4. g3 e6 5. Bg2 c5 6. O-O Nc6 7. Bf4 a6 8. e3
c4 9. Ne5 Bd7 10. Bg5 Be7 11. Bxf6 Bxf6 12. Nxc6 Bxc6 13. b3 cxb3 14. axb3
O-O 15. Qd3 h5 16. Ne2 Qe8 17. h4 g5 18. hxg5 Bxg5 19. f4 Be7 20. Bf3 Qg6
21. Kf2 Kf7 22. Rh1 Rh8 23. Rh3 Rh6 24. Rah1 Rah8 25. Rg1 Ke8 26. c3 Qh7
27. Qb1 Kd7 28. Nc1 h4 29. Ke2 Rg8 30. g4 fxg4 31. Qxh7 Rxh7 32. Rxg4 Rxg4
33. Bxg4 Bb5+ 34. Kf2 Bf6 35. Be2 Bxe2 36. Kxe2 Rg7 37. Kf2 Kd6 38. Rh1 Rc7
39. Na2 a5 40. Ke2 b5 41. Kd3 Rg7 42. Nc1 a4 43. bxa4 bxa4 44. c4 dxc4+ 45.
Kxc4 a3 46. e4 Kc6 47. e5 Be7 48. f5 exf5 49. d5+ Kc7 50. Nb3 Rg4+ 51. Nd4
Re4 52. d6+ Bxd6 53. exd6+ Kxd6 54. Kd3 Rf4 55. Ke3 Re4+ 56. Kd3 Rf4 57.
Ke3 Re4+ 1/2-1/2

[Event "45th Capablanca Mem Open"]
[Site "Havana CUB"]
[Date "2010.06.17"]
[Round "7"]
[White "Garcia Pantoja,R"]
[Black "Pina Vega,S"]
[Result "1-0"]
[WhiteElo "2378"]
[BlackElo "2336"]
[EventDate "2010.06.10"]

1. e4 c5 2. Nf3 d6 3. d4 cxd4 4. Nxd4 Nf6 5. Nc3 Nc6 6. f3 e5 7. Nb3 Be7 8.
Be3 O-O 9. Qd2 a5 10. Bb5 Be6 11. O-O Na7 12. Be2 Nc8 13. a3 Nb6 14. Kh1
Nc4 15. Bxc4 Bxc4 16. Rfd1 Qc7 17. Bg5 Rfd8 18. Bxf6 Bxf6 19. Nd5 Bxd5 20.
Qxd5 a4 21. Nd2 Ra5 22. Qc4 Rc5 23. Qxa4 Rxc2 24. Qb5 Bg5 25. Nb1 Qc6 26.
Qb4 Qc5 27. Qe1 Rxb2 28. Nc3 Rc2 29. Nd5 Ra8 30. a4 h5 31. Qg3 Bd8 32. Rab1
Rxa4 33. Qh3 Rd4 34. Rg1 Qc8 35. Qxh5 g6 36. Qh6 Rdd2 37. Ne3 Rb2 38. Rbc1
Qd7 39. Nc4 Re2 40. Nxb2 Rxb2 41. Ra1 Qc8 42. Rgc1 Rc2 43. Rxc2 Qxc2 44. h4
Qc8 45. h5 gxh5 46. Qxd6 Bc7 47. Qf6 Qe8 48. Qg5+ Kh7 49. Qxh5+ Kg7 50.
Qg5+ Kh7 51. Kh2 1-0

[Event "45th Capablanca Mem Open"]
[Site "Havana CUB"]
[Date "2010.06.17"]
[Round "7"]
[White "Olivera Medrano,J"]
[Black "Fernandez Hernandez,A"]
[Result "1/2-1/2"]
[WhiteElo "2396"]
[BlackElo "2303"]
[EventDate "2010.06.10"]

1. d4 d5 2. c4 e6 3. Nc3 Nf6 4. cxd5 exd5 5. Bg5 c6 6. e3 Be7 7. Bd3 Nbd7
8. Qc2 Nh5 9. Bxe7 Qxe7 10. Nge2 g6 11. g4 Ng7 12. h3 Nb6 13. O-O-O f5 14.
Rdg1 Be6 15. Nf4 Rf8 16. g5 Bf7 17. h4 O-O-O 18. Kb1 Kb8 19. Ka1 Nc4 20.
Na4 b6 21. Nc3 Rc8 22. Nce2 c5 23. Qc3 Ne8 24. h5 Ned6 25. hxg6 hxg6 26.
Rh7 Qe8 27. b3 Nb5 28. Qe1 Nca3 29. Bxb5 Qxb5 30. Qd2 c4 31. Qb2 Qa5 32. b4
Qxb4 33. Qxb4 Nc2+ 34. Kb2 Nxb4 35. Nc3 Rc7 36. Rgh1 Rfc8 37. Rd1 a6 38. a3
Nd3+ 39. Nxd3 cxd3 40. Rxd3 b5 41. f4 Kb7 42. Na2 Be6 43. Rh6 Bf7 44. Rc3
Rc4 45. Rh7 R8c7 46. Rc1 Kb6 47. Rg7 a5 48. Rh1 Be8 49. Rxc7 Rxc7 50. Nc1
Re7 51. Rh3 b4 52. axb4 axb4 53. Nd3 Ka5 54. Ne5 Ka4 55. Rh1 b3 56. Ra1+
Kb4 57. Ra8 Bb5 58. Rb8 Rc7 59. Nd3+ Kc4 60. Nc1 Re7 1/2-1/2

[Event "45th Capablanca Mem Open"]
[Site "Havana CUB"]
[Date "2010.06.17"]
[Round "7"]
[White "Leyva Rivera,Y"]
[Black "Castellanos Sanchez,C"]
[Result "1/2-1/2"]
[WhiteElo "2384"]
[BlackElo "2299"]
[EventDate "2010.06.10"]

1. d4 d6 2. c4 g6 3. g3 Bg7 4. Bg2 Nd7 5. Nc3 e5 6. Nf3 Ne7 7. O-O O-O 8.
e4 exd4 9. Nxd4 Nc6 10. Nxc6 bxc6 11. Bd2 Ne5 12. b3 Bg4 13. f3 Bd7 14. f4
Ng4 15. Qf3 h5 16. h3 Bd4+ 17. Kh1 f5 18. Rae1 Rf7 19. exf5 gxf5 20. Ne2
Bb6 21. c5 Bxc5 22. b4 Bb6 23. hxg4 hxg4 24. Qb3 Qf6 25. Be3 Be6 26. Qc3
Qh6+ 27. Kg1 Bd5 28. Bxd5 cxd5 29. Rf2 c5 30. Rh2 Qf6 31. Qxf6 Rxf6 32. Bf2
Re8 33. Kf1 d4 34. bxc5 dxc5 35. Nc1 Rxe1+ 36. Kxe1 c4 37. Kd1 Kf7 38. Rh7+
Ke6 39. a4 Kd5 40. Re7 Re6 41. Rd7+ Rd6 42. Re7 Re6 1/2-1/2

[Event "45th Capablanca Mem Open"]
[Site "Havana CUB"]
[Date "2010.06.17"]
[Round "7"]
[White "Rodriguez Garcia,V"]
[Black "Hernandez Fernandez,Ra"]
[Result "1/2-1/2"]
[WhiteElo "2377"]
[BlackElo "2301"]
[EventDate "2010.06.10"]

1. e4 c5 2. Nf3 Nc6 3. Bb5 g6 4. Bxc6 dxc6 5. d3 Bg7 6. h3 Nf6 7. Nc3 Nd7
8. Be3 e5 9. Qd2 h6 10. O-O Qe7 11. Nh2 Nf8 12. f4 exf4 13. Bxf4 Ne6 14.
Bg3 Nd4 15. e5 Bf5 16. Rae1 O-O-O 17. Nf3 Rhe8 18. Ne4 Bxe4 19. Rxe4 Nxf3+
20. Rxf3 f5 1/2-1/2

[Event "45th Capablanca Mem Open"]
[Site "Havana CUB"]
[Date "2010.06.17"]
[Round "7"]
[White "Juarez Flores,C"]
[Black "Boada,W"]
[Result "1-0"]
[WhiteElo "2374"]
[BlackElo "2266"]
[EventDate "2010.06.10"]

1. e4 g6 2. d4 Bg7 3. Nc3 d6 4. Nf3 a6 5. a4 Bg4 6. Bc4 e6 7. Be3 Nc6 8.
Be2 Nge7 9. h3 Bxf3 10. Bxf3 d5 11. exd5 exd5 12. O-O O-O 13. Qd2 Qd7 14.
a5 Nd8 15. Bg5 f6 16. Bg4 f5 17. Bf3 c6 18. Na4 Nc8 19. Nc5 Qf7 20. Rfe1
Kh8 21. Ra3 Nd6 22. Re7 Qg8 23. Bh6 Rf7 24. Bxg7+ Qxg7 25. Rxf7 Qxf7 26.
Qf4 Nc4 27. Rb3 Nxa5 28. Re3 Nc4 29. Re1 b6 30. b3 bxc5 31. bxc4 Ne6 32.
Qd6 Nxd4 33. Re7 Qf8 34. cxd5 Nxf3+ 35. gxf3 cxd5 36. Qe5+ Kg8 37. Qxd5+
Kh8 38. Qe5+ Kg8 39. Qe6+ Kh8 40. Qe5+ Kg8 41. Qxc5 Qf6 42. Qd5+ Kf8 43.
Rf7+ Qxf7 44. Qxa8+ Qe8 45. Qxa6 Qe1+ 46. Kg2 Qc1 47. Qf6+ Kg8 48. c3 Qf4
49. Qd4 Qg5+ 50. Kh2 Kf7 51. Qd7+ Kf8 52. Qd4 Kf7 53. c4 Qf6 54. Qd5+ Qe6
55. Qd4 Qf6 56. Qd7+ Kg8 57. f4 Qh4 58. Qd4 Kf7 59. c5 Qf6 60. Qe5 Qc6 61.
Qe3 Qe6 62. Qc3 Qc6 63. f3 Ke6 64. Qe5+ Kf7 65. Kg3 Qd7 66. Qe3 Qd5 67. Kf2
Qa2+ 68. Ke1 Qb1+ 69. Kd2 Qb2+ 70. Kd3 Qb5+ 71. Kd4 Qd7+ 72. Kc3 Qd5 73.
Kb4 Qb7+ 74. Kc4 Qc6 75. Qe5 Qa4+ 76. Kd5 Qd1+ 77. Kc6 Qa4+ 78. Kd6 Qa6+
79. c6 Qa3+ 80. Kd7 Qa7+ 81. c7 Qa4+ 82. Kd8 Qd1+ 83. Kc8 Qxf3 84. Qa5 Qxf4
85. Qd5+ Ke7 86. Qc5+ Kf7 87. Kb7 Qe4+ 88. Ka7 Qa4+ 89. Kb6 Qb3+ 90. Kc6
Qf3+ 1-0

[Event "45th Capablanca Mem Open"]
[Site "Havana CUB"]
[Date "2010.06.17"]
[Round "7"]
[White "Mena Crespo,C"]
[Black "Ostos,J"]
[Result "1/2-1/2"]
[WhiteElo "2337"]
[BlackElo "2273"]
[EventDate "2010.06.10"]

1. Nf3 Nf6 2. c4 c5 3. b3 g6 4. Bb2 Bg7 5. g3 O-O 6. Bg2 Nc6 7. Nc3 d5 8.
Nxd5 Nxd5 9. Bxg7 Kxg7 10. cxd5 Qxd5 11. O-O Qd6 12. Qc2 Bg4 13. Rac1 Rfd8
14. Rfd1 Nd4 15. Nxd4 cxd4 16. Qe4 Bc8 17. f4 f6 18. Qc2 Bg4 19. Qc7 d3 20.
Qxd6 Rxd6 21. Rc7 dxe2 22. Re1 Rxd2 23. Rxe7+ Kf8 24. Rxh7 Rc8 25. Rh8+ Kg7
26. Rxc8 Bxc8 27. a4 b6 28. Kf2 Be6 29. b4 a5 30. bxa5 bxa5 31. Ke3 Ra2 32.
Bc6 Bg4 33. Bb5 g5 34. Ke4 Rd2 35. Ke3 Rd1 36. Kf2 gxf4 37. gxf4 Rd4 38.
Rg1 Rxf4+ 39. Ke3 e1=Q 40. Rxe1 Rb4 41. Rc1 Kg6 42. Rg1 Kh6 43. Kf2 Be6 44.
Ra1 Kg5 45. Kf3 Bg4+ 46. Ke3 f5 47. Rh1 f4+ 48. Kd3 Kh4 49. Kc3 Bh3 50. Rd1
f3 51. Rd8 Rxb5 52. axb5 f2 1/2-1/2

[Event "45th Capablanca Mem Open"]
[Site "Havana CUB"]
[Date "2010.06.17"]
[Round "7"]
[White "Figueredo Losada,L"]
[Black "Frometa Castillo,Z"]
[Result "1-0"]
[WhiteElo "2335"]
[BlackElo "2109"]
[EventDate "2010.06.10"]

1. c4 g6 2. d4 Bg7 3. Nc3 d6 4. e4 Nc6 5. Be3 e5 6. dxe5 Nxe5 7. c5 dxc5 8.
Qxd8+ Kxd8 9. O-O-O+ Bd7 10. Bxc5 Ne7 11. f4 N5c6 12. Nf3 Ke8 13. Bc4 Bxc3
14. bxc3 Bg4 15. h3 Bxf3 16. gxf3 Na5 17. Bb5+ c6 18. Be2 b6 19. Bd4 Rf8
20. Bf6 Nb7 21. Rd2 Rd8 22. Rhd1 Rxd2 23. Rxd2 Nc5 24. Rd6 Nd7 25. Bg5 h6
26. Bh4 f6 27. Bc4 g5 28. Bg3 f5 29. e5 Nc5 30. Rxh6 b5 31. Be2 gxf4 32.
Bxf4 Rg8 33. e6 Ng6 34. Be3 Nxe6 35. Bd3 Nc7 36. Bxf5 Ne7 37. Be4 Ncd5 38.
Bd2 Rg1+ 39. Kc2 Kd7 40. h4 a5 41. h5 Ra1 42. Kb2 Rg1 43. Rh7 Kd6 44. h6
Nb6 45. Bd3 Ned5 46. Rh8 Na4+ 47. Kc2 Rg2 48. h7 Ne3+ 49. Kc1 Rg1+ 50. Be1
Rxe1+ 51. Kd2 Rh1 52. Kxe3 1-0

[Event "45th Capablanca Mem Open"]
[Site "Havana CUB"]
[Date "2010.06.17"]
[Round "7"]
[White "Pedersen,F"]
[Black "Castillo Coca,M"]
[Result "0-1"]
[WhiteElo "2315"]
[BlackElo "2106"]
[EventDate "2010.06.10"]

1. c4 Nf6 2. Nc3 d6 3. d4 c6 4. g3 Nbd7 5. Bg2 e5 6. e3 Be7 7. Nge2 O-O 8.
O-O Qc7 9. b4 Re8 10. Bb2 a5 11. a3 axb4 12. axb4 Rxa1 13. Qxa1 Bf8 14. Rc1
Nb6 15. Na4 Bg4 16. Nxb6 Bxe2 17. dxe5 Ng4 18. Qa7 Nxe5 19. b5 Bf3 20. Na8
Qd8 21. Bxe5 Bxg2 22. Kxg2 dxe5 23. Ra1 cxb5 24. cxb5 Qd5+ 25. Kg1 Rd8 26.
Nc7 Qf3 27. Qa2 h6 28. Qc2 b6 29. Qc4 Rd2 30. Qf1 Bc5 31. Re1 e4 32. Na6
Bd6 33. Qg2 Rb2 34. Qf1 h5 35. Rb1 Rd2 36. Qg2 Qe2 37. Qf1 Qg4 38. h3 Qg5
39. Nb4 Bxg3 0-1

[Event "45th Capablanca Mem Open"]
[Site "Havana CUB"]
[Date "2010.06.17"]
[Round "7"]
[White "Lorenzana,W"]
[Black "Vega,L"]
[Result "0-1"]
[WhiteElo "2218"]
[BlackElo "2357"]
[EventDate "2010.06.10"]

1. e4 c5 2. Nf3 Nc6 3. d4 cxd4 4. Nxd4 e5 5. Nb5 d6 6. c4 a6 7. N5c3 Nf6 8.
Bd3 Be6 9. O-O Be7 10. b3 O-O 11. Bb2 Nd7 12. Nd5 Bg5 13. Nbc3 Rc8 14. Kh1
Ne7 15. b4 Ng6 16. f3 Nf4 17. Nxf4 Bxf4 18. g3 Be3 19. Nd5 Ba7 20. Qd2 Nb6
21. Rac1 Bh3 22. Rfe1 Nxd5 23. exd5 f5 24. Bf1 Bxf1 25. Rxf1 f4 26. Qd3 Qg5
27. Rc2 fxg3 28. Rg2 Qe3 29. Qxe3 Bxe3 30. c5 gxh2 31. cxd6 Bd4 32. Re1
Bxb2 33. Rxb2 Rcd8 34. Rxe5 Rxd6 35. Kxh2 Rxf3 36. Rc2 Rd7 37. a4 Rf6 38.
Kg3 Kf7 39. a5 h6 40. Rc8 Rf1 41. Rb8 Rb1 42. Re4 Rd1 43. Re6 Rd3+ 44. Kg2
Rc7 45. Re5 Rd4 46. Rd8 Rxb4 47. d6 Rc2+ 48. Kf3 Rc3+ 49. Ke2 Rb2+ 50. Kd1
Rg3 51. Kc1 Ra2 52. Kb1 Rh2 53. Re7+ Kg6 54. Re1 Rb3+ 55. Ka1 Rh5 56. Ka2
Rd3 57. Rd7 Rxa5+ 58. Kb2 Rg5 59. Kc2 Rdd5 60. Re6+ Kh5 61. Kc3 b5 62. Ra7
a5 63. d7 Rg3+ 64. Kc2 Rg2+ 65. Kc3 Rgd2 66. Rxa5 b4+ 0-1

[Event "45th Capablanca Mem Open"]
[Site "Havana CUB"]
[Date "2010.06.17"]
[Round "7"]
[White "Llaudy Pupo,L"]
[Black "Flaquer,L"]
[Result "1-0"]
[WhiteElo "2224"]
[BlackElo "2316"]
[EventDate "2010.06.10"]

1. e4 c5 2. Nf3 Nc6 3. Bb5 g6 4. O-O Bg7 5. Bxc6 dxc6 6. d3 e5 7. h3 Qe7 8.
a3 Nf6 9. b4 O-O 10. Nbd2 Re8 11. Nc4 Nd7 12. Bd2 Nb6 13. Na5 cxb4 14. axb4
f5 15. exf5 gxf5 16. Re1 e4 17. Ra3 Nd5 18. dxe4 fxe4 19. Ng5 Bf5 20. Rg3
Kh8 21. Nc4 Rad8 22. h4 Nxb4 23. Qh5 Bg6 24. Qg4 h5 25. Bxb4 hxg4 26. Bxe7
Rxe7 27. Rxg4 Rd4 28. Ne3 a5 29. h5 Re5 30. hxg6 Kg8 31. f4 Re8 32. Nf5 a4
33. Nxg7 Kxg7 34. f5 Kf6 35. Rf1 a3 36. Nh7+ Ke5 37. f6 a2 38. f7 Red8 39.
f8=Q Rxf8 40. Nxf8 Rb4 41. Rg3 1-0

[Event "45th Capablanca Mem Open"]
[Site "Havana CUB"]
[Date "2010.06.17"]
[Round "7"]
[White "Gil Suarez,J"]
[Black "Alonso Bouza,Julio"]
[Result "0-1"]
[WhiteElo "1752"]
[BlackElo "2268"]
[EventDate "2010.06.10"]

1. d4 g6 2. Nf3 Bg7 3. c3 d6 4. Bg5 Nd7 5. Nbd2 Ngf6 6. e4 e5 7. dxe5 dxe5
8. Qc2 Qe7 9. Be2 a6 10. a4 b6 11. Nc4 Bb7 12. Nfd2 Nc5 13. f3 Ne6 14. Be3
Nh5 15. b4 Nd4 16. Qd1 Nxe2 17. Qxe2 Nf4 18. Bxf4 exf4 19. Rc1 Qh4+ 20. Qf2
Qxf2+ 21. Kxf2 O-O-O 22. Rhd1 Bc6 23. Nb2 h5 24. Nb1 g5 25. Ke2 Rde8 26.
Nd2 f5 27. Kd3 fxe4+ 28. Nxe4 Bxe4+ 29. fxe4 Re6 30. Re1 Rd8+ 31. Kc2 Rde8
32. Kd3 Rd6+ 33. Kc2 Rc6 34. Nd1 g4 35. Rb1 b5 36. axb5 axb5 37. Ra1 Kb7
38. Ra3 Rc4 39. Nf2 Ra8 40. Rxa8 Bxc3 41. Rc1 Bxb4+ 42. Kb3 Rxc1 43. Rh8
Be1 44. Kb2 Rc6 0-1

[Event "45th Capablanca Mem Open"]
[Site "Havana CUB"]
[Date "2010.06.17"]
[Round "7"]
[White "Larrua Gonzalez,F"]
[Black "Gutierrez,L"]
[Result "0-1"]
[WhiteElo "2310"]
[BlackElo "2000"]
[EventDate "2010.06.10"]

1. e4 c5 2. Nf3 d6 3. d4 cxd4 4. Nxd4 Nf6 5. Nc3 a6 6. Bg5 e6 7. f4 Nc6 8.
e5 h6 9. Bh4 g5 10. fxg5 Nd5 11. Nxc6 bxc6 12. Ne4 Qb6 13. Bd3 Qxb2 14. O-O
hxg5 15. Bg3 dxe5 16. Qf3 f5 17. Rab1 Qd4+ 18. Bf2 fxe4 19. Bxe4 Qd2 20.
Bg6+ Kd7 21. g3 Be7 22. Rfd1 Rf8 23. Be8+ Kc7 24. Bb6+ Kb7 25. Bc5+ Kc7 26.
Bb6+ Kb7 27. Ba5+ Ka7 28. Bxd2 Rxf3 29. Kg2 g4 30. Bxc6 Rb8 31. h3 Rxb1 32.
Rxb1 Bc5 0-1

[Event "45th Capablanca Mem Open"]
[Site "Havana CUB"]
[Date "2010.06.17"]
[Round "7"]
[White "Zepeda,S"]
[Black "Pazos Gambarrotti,P"]
[Result "0-1"]
[WhiteElo "2107"]
[BlackElo "2296"]
[EventDate "2010.06.10"]

1. e4 c5 2. Nf3 Nc6 3. d4 cxd4 4. Nxd4 Nf6 5. Nc3 d6 6. Bc4 Qb6 7. Nb3 e6
8. Be3 Qc7 9. Qe2 a6 10. a4 b6 11. O-O Be7 12. f4 O-O 13. Rad1 Nb4 14. h3
Nxc2 15. Bd3 Nxe3 16. Qxe3 Nd7 17. Kh1 Nc5 18. Bc2 Bb7 19. Nd4 Rac8 20. f5
Bf6 21. Rd2 Qe7 22. Re2 g6 23. fxg6 hxg6 24. Qf2 Be5 25. Nf3 Bg7 26. Qg3
Nd7 27. Nd1 Ne5 28. Bb3 Nxf3 29. Rxf3 Rc5 30. Rd3 Be5 31. Qe3 Qh4 32. Re1
Qf4 33. Qxf4 Bxf4 34. Nf2 Rfc8 35. g3 Rc1 36. Rxc1 Rxc1+ 37. Kg2 Be5 38.
Kf3 Rg1 39. Kg4 Rg2 0-1

[Event "45th Capablanca Mem Open"]
[Site "Havana CUB"]
[Date "2010.06.17"]
[Round "7"]
[White "Morales Romero,R"]
[Black "Rincon Gonzalez,Lu"]
[Result "1-0"]
[WhiteElo "2277"]
[BlackElo "1900"]
[EventDate "2010.06.10"]

1. e4 e5 2. Nf3 Nc6 3. d4 exd4 4. c3 d3 5. Bxd3 Be7 6. O-O d6 7. h3 Nf6 8.
Bf4 O-O 9. Qc2 h6 10. b4 a6 11. Nbd2 Re8 12. Rad1 Bf8 13. Nc4 b5 14. Ne3
Bd7 15. Bh2 Ne5 16. Be2 Nxf3+ 17. Bxf3 Bc6 18. Nd5 Nxd5 19. exd5 Bd7 20.
Be2 Qf6 21. c4 g6 22. Rfe1 Bg7 23. cxb5 Qc3 24. Qb1 Bf5 25. Qc1 axb5 26.
Bxb5 Rxe1+ 27. Rxe1 Rxa2 28. Re8+ Kh7 29. Qxc3 Bxc3 30. Bg3 Ra1+ 31. Kh2
Re1 32. Rxe1 Bxe1 33. Be8 Kg7 34. b5 Be4 35. Bc6 Kf6 36. Kg1 Ba5 37. Bf4 g5
38. Bc1 Bc3 39. f4 gxf4 40. Bxf4 Bd4+ 41. Kh1 h5 42. Kh2 Kf5 43. g3 Be5 44.
Bd2 Bf3 45. Kg1 Bd4+ 46. Kf1 Ke4 47. Be8 f6 48. Bf7 Kd3 49. Ba5 Bb6 50. Be1
Kc4 51. Be8 Kxd5 52. Bc6+ Kc5 53. Bxf3 Kxb5 54. Bxh5 d5 55. h4 c5 56. Be8+
Kc4 57. h5 Bc7 58. Bg6 Bd6 59. h6 Bf8 60. h7 Bg7 61. Bf5 d4 62. Ke2 Kd5 63.
Ba5 c4 64. Bb6 Ke5 65. g4 d3+ 66. Kd2 Kd5 67. Kc3 Bh8 68. Bd4 d2 69. Bc2
Ke6 70. g5 Kf7 71. Bxf6 1-0

[Event "45th Capablanca Mem Open"]
[Site "Havana CUB"]
[Date "2010.06.17"]
[Round "7"]
[White "Guerrero,An"]
[Black "Arribas Robaina,M"]
[Result "1-0"]
[WhiteElo "2164"]
[BlackElo "2326"]
[EventDate "2010.06.10"]

1. e4 d6 2. d4 Nf6 3. Nc3 g6 4. Bg5 Bg7 5. Qd2 c6 6. f4 Qa5 7. Bd3 e5 8.
dxe5 dxe5 9. Nf3 Nbd7 10. f5 h6 11. fxg6 fxg6 12. Be3 Ng4 13. Nh4 Nxe3 14.
Qxe3 g5 15. Nf5 Bf8 16. O-O-O Nf6 17. Qf3 Qc5 18. Bc4 Bxf5 19. Qxf5 Qxc4
20. Qxf6 Rh7 21. Rhf1 Qg8 22. Qxe5+ Be7 23. Nb5 1-0